Debt Relief for Low-Income Countries and the HIPC Initiative
Gespeichert in:
| 1. Verfasser: | |
|---|---|
| Weitere Verfasser: | |
| Format: | Buch |
| Sprache: | Englisch |
| Veröffentlicht: |
Washington
International Monetary Fund
1997
|
| Ausgabe: | 1. ed. |
| Schriftenreihe: | IMF Working Paper
24 |
| Schlagworte: | |
| Tags: |
Keine Tags, Fügen Sie das erste Tag hinzu!
|
MARC
| LEADER | 00000nam a2200000 4500 | ||
|---|---|---|---|
| 001 | c021138 | ||
| 005 | 20221129110133.7 | ||
| 041 | 0 | |a eng | |
| 044 | |a US | ||
| 245 | 1 | 0 | |a Debt Relief for Low-Income Countries and the HIPC Initiative |c Anthony R. Boote, Kamau Thugge |
| 250 | |a 1. ed. | ||
| 264 | 1 | |a Washington |b International Monetary Fund |c 1997 | |
| 300 | |a 29 s. | ||
| 490 | 1 | |a IMF Working Paper |v 24 | |
| 830 | 0 | |a IMF Working Paper |v 24 | |
| 610 | 2 | 0 | |a dlhy |
| 610 | 2 | 0 | |a príjmy |
| 610 | 2 | 0 | |a pomoc zahraničná |
| 610 | 2 | 0 | |a pomoc medzinárodná |
| 610 | 2 | 0 | |a pomoc finančná |
| 610 | 2 | 0 | |a pomoc rozvojová |
| 610 | 2 | 0 | |a krajiny rozvojové |
| 610 | 2 | 0 | |a krajiny vyspelé |
| 100 | 1 | |a Boote, Anthony R. | |
| 700 | 1 | |a Thugge, Kamau | |